000 01231nam a2200229Ia 4500
003 Ost
005 20260507075335.0
008 260507s9999||||xx |||||||||||||| ||und||
040 _cfsecg
041 _aara
082 _a330
100 _aالسيد طايل، مصطفى كمال
_eمؤلف
245 0 _aالصناعة المصرفية في ظل العولمة /
_c مصطفى كمال السيد طايل
260 _aالاسكندرية:
_bاتحاد المصارف العربية,
_c2009
300 _a312 صفحة؛
_bإيضاحات ؛
_c24 سم
520 _aتطور طبيعة العمل المصرفي ، المصارف الالكترونية و التجارة الالكترونية ، العولمة الاقتصادية و النظام الاقتصادي العالمي الجديد ، أزمة الصناعة المصرفية في ظل العولمة ، مردودية العولمة على الصناعة المصرفية ، الصيرفة الاسلامية في ظل العولمة و قضايا مصرفية معاصرة
653 _aالأنظمة الإقتصادية
653 _aالبنوك
653 _aالتجارة الإلكترونية
653 _aالعولمة
942 _cكتاب
999 _c44037
_d44037